000 00827cam a22002777a 4500
003 CHAP
005 20220329140555.0
008 971013s r 00010 d
010 _a54171
011 _a55143
035 _a59295
040 _cCHAP
090 _aFolleto 2641
100 0 0 _aPreston, Thomas Reginald.
_991539
245 1 3 _aLa melaza como fuente principal de energía para el ganado
260 _a(s.l. :
_bs.e.),
_c(s.a.)
300 _a20 h.
590 _aBATCH-UPD
_b10
_c20130110
_lUCH01
_h2002
590 _aBATCH-UPD
_b10
_c20130410
_lUCH01
_h1322
590 _aBATCH-UPD
_b10
_c20130914
_lUCH01
_h1809
590 _aCONVERSION
_b10
_c20130109
_lUCH01
_h1329
650 1 4 _aMelaza en alimentación animal.
_974315
901 _aBK
942 _cFOLL
949 _aFolleto 2641
_bBC
_cFOLL
_d-128227
_eTS1
_i59295
_si
999 _c54171
_d54171